| 000 | 01349cam a2200253 a 4500 | ||
|---|---|---|---|
| 999 |
_c7092 _d7092 |
||
| 020 | _a9780415583763 (hbk.) | ||
| 020 | _a0415583764 (hbk.) | ||
| 020 | _a9780415583756 (pbk.) | ||
| 020 | _a0415583756 (pbk.) | ||
| 020 | _a9780203836644 (ebk.) | ||
| 020 | _a0203836642 (ebk.) | ||
| 050 | 0 | 0 |
_aLC4015 _b.W44 |
| 100 | 1 | _aWestwood, Peter S. | |
| 245 | 1 | 0 |
_aCommonsense methods for children with special educational needs / _cPeter Westwood. |
| 250 | _a6th ed. | ||
| 260 |
_aLondon ; _aNew York : _bRoutledge, _c2011. |
||
| 300 |
_axi, 224 p. ; _c24 cm. |
||
| 500 | _aIncludes index | ||
| 505 | 0 | _aSpecial educational needs and learning difficulties -- Students with intellectual disability and autism -- Students with physical disabilities -- Students with sensory impairments -- Gifted and talented students -- Self-management and self-regulation -- Managing classroom behaviour -- Social skills and peer group acceptance -- Reading and reading difficulties -- Intervention for reading difficulties -- Difficulties with writing -- Difficulties with spelling -- Difficulties with basic mathematics -- Differentiating curriculum and instruction -- Teaching methods for general and specific purposes. | |
| 650 | 0 |
_aChildren with disabilities _xEducation. |
|
| 650 | 0 | _aMainstreaming in education. | |
| 650 | 0 | _aSpecial education. | |
| 942 | _cBK | ||